Central Library OPAC University of Rajshahi

শতাব্দীর শিশু-সাহিত্য : (Record no. 40183)

MARC details
000 -LEADER
fixed length control field 01160nam a2200253 a 4500
001 - CONTROL NUMBER
control field 40183
003 - CONTROL NUMBER IDENTIFIER
rucl marc code BD-RjUL
005 - DATE AND TIME OF LATEST TRANSACTION
control field 20211209053144.0
008 - FIXED-LENGTH DATA ELEMENTS--GENERAL INFORMATION
fixed length control field 160424m19671958ii a||| |||| 001 0 ben d
020 ## - INTERNATIONAL STANDARD BOOK NUMBER
Terms of availability : IRs. 10.00
035 ## - SYSTEM CONTROL NUMBER
System control number (BD-RjUL)40298
040 ## - CATALOGING SOURCE
Original cataloging agency BD-RjUL
Language of cataloging ben
Transcribing agency BD-RjUL
041 ## - LANGUAGE CODE
Language code of text/sound track or separate title ben
082 ## - DEWEY DECIMAL CLASSIFICATION NUMBER
Edition number 23
Classification number 891.4409
Author mark and year MIS 1967
100 ## - MAIN ENTRY--PERSONAL NAME
Personal name মিত্র, খগেন্দ্রনাথ
9 (RLIN) 123703
245 10 - TITLE STATEMENT
Title শতাব্দীর শিশু-সাহিত্য :
Remainder of title ১৮১৮-১৯৬০ /
Statement of responsibility, etc. খগেন্দ্রনাথ মিত্র
250 ## - EDITION STATEMENT
Edition statement ২য় পরিবর্ধিত ও পরিমার্জিত সং.
260 ## - PUBLICATION, DISTRIBUTION, ETC. (IMPRINT)
Place of publication, distribution, etc. কলিকাতা :
Name of publisher, distributor, etc. বিঘোদয় লাইব্রেরী প্রাঃ লিঃ,
Date of publication, distribution, etc. ১৯৬৭
300 ## - PHYSICAL DESCRIPTION
Pagination ১২, ২৫৬, ১২, ১৬ পৃ. :
Illustrations চিত্র. ;
Size ২৪ সেমি.
500 ## - GENERAL NOTE
General note নির্ঘন্ট সংযুক্ত
650 ## - SUBJECT ADDED ENTRY--TOPICAL TERM
Topical term or geographic name as entry element বাংলা সাহিত্য
General subdivision ইতিহাস ও সমালোচনা
9 (RLIN) 123704
Topical term or geographic name as entry element Bengali Literature
General subdivision History and Criticism
9 (RLIN) 117020
942 ## - ADDED ENTRY ELEMENTS (KOHA)
Source of classification or shelving scheme Dewey Decimal Classification
Koha item type Books
Holdings
Lost status Source of classification or shelving scheme Damaged status Not for loan Collection code Permanent Location Current Location Shelving location Date acquired Source of acquisition Cost, normal purchase price Total Checkouts Full call number Date last seen Copy number Koha item type
  Dewey Decimal Classification     Non-fiction Central Library, University of Rajshahi Central Library, University of Rajshahi   11/11/1974 jonthon Oyaren and Co. 10.00   B 891.4409 MIS 1967 24/04/2016 C-2 Books
  Dewey Decimal Classification     Non-fiction Central Library, University of Rajshahi Central Library, University of Rajshahi   30/05/1973 Uttarbanga Library, Rajshahi 10.00   B 891.4409 MIS 1967 20/07/2016 C-3 Books
  Dewey Decimal Classification     Non-fiction Central Library, University of Rajshahi Central Library, University of Rajshahi   05/09/1973 Presented by Indian Govt.     B 891.4409 MIS 1967 21/07/2016 C-4 Books
  Dewey Decimal Classification     Non-fiction Central Library, University of Rajshahi Central Library, University of Rajshahi   30/05/1973 Uttorbanga Library : Rajshahi 10.00   B 891.4409 MIS 1967 24/10/2016 C-5 Books